Weather Vocab Quiz Stats

 Plays Quiz not verified by Sporcle

Challenge
Share
Tweet
Score 0/19 Timer 04:00
0 Plays Today
% Correct
Amount of water vapor held in the air
77.3%
Temperature at which air is saturated and condensation forms
75%
Severe winter storm, visibility less than 400 meters, low temperatures, snows for more than three hours at a time, wind speeds at 56 KMH or higher
73%
Transfer of energy that occurs when molecules bump into each other
70.5%
Transfer of heat by the flow of material
70.5%
Lines drawn on a weather map that connect points having equal atmosphere pressure; also indicate the location of high-pressure areas, and can show air pressure
70.5%
Line drawn of a weather map that connects points having equal temperatures
70.5%
Measure of the amount of moisture held in the air compared with the amount it can hold at a given temperature, can range from 0% to 100%
70.5%
Movement of air from sea to land during the day when cooler air from above the water moves over the land, forcing the heated, less dense air above the land to rise
70.5%
Rapid movement of air during thunderstorms causing air molecules to become oppositely charged causing flashes of light
70.3%
% Correct
Sound created by the rapid heating and cooling of air molecules surrounding a bolt of lightning
70.3%
Energy transferred by waves or rays
68.2%
Causing moving air and water to turn left in the southern hemisphere and turn right in the northern hemisphere due to Earth's rotation
65.9%
Movement of air from land to sea at night,created when cooler, denser air from the land forces up warmer over the sea
65.9%
Occur in warm, moist air masses and along fronts, strong winds, hail, flash flooding, lightning, and thunder
59.5%
Large body of air that has the same characteristics moisture content as a part of Earth's surface of which it was formed
59.1%
Boundary between two air masses with different temperatures,density or moisture:can be cold, warm, stationary, or occluded
59.1%
Caused when there are winds at different heights, different temperatures, and different speeds, that are blowing around during a thunderstorm
48.6%
A low pressure system that forms over the Atlantic Ocean, causing high winds, storms, and tornadoes on land (fueled by warm ocean currents)
48.6%

You're not logged in!

Compare scores with friends on all Sporcle quizzes.
Join for Free
OR
Log In

You Might Also Like...

Show Comments

Extras

Top Quizzes Today


Score Distribution

Your Account Isn't Verified!

In order to create a playlist on Sporcle, you need to verify the email address you used during registration. Go to your Sporcle Settings to finish the process.

Report this User

Report this user for behavior that violates our Community Guidelines.

Details: